| 000 | 01023nam a2200289Ia 4500 | ||
|---|---|---|---|
| 001 | Para_9675 | ||
| 003 | CHAP | ||
| 008 | 220125s9999 xx 000 0 und d | ||
| 010 | _a208351 | ||
| 040 | _cCHAP | ||
| 090 | _aPA TESIS 2296 | ||
| 100 |
_aIsidro Granados, Mayra _960563 |
||
| 245 |
_aEvaluación de insecticidas para el control de especies de Gallina Ciega (Coleoptera : _b Melolonthidae) en Agave tequilana Weber Var. Azul en El Arenal, Jalisco / _c Mayra Isidro Granados. |
||
| 260 |
_aChapingo, Méx. : _b el autor, 2009 |
||
| 300 | _a60 h. | ||
| 502 | _aTesis (Ing. Agr. Esp. en Parasitología Agrícola) -- UACh Departamento Parasitología Agrícola | ||
| 650 |
_aAgave tequilana _x plaga _9174676 |
||
| 650 |
_aInsecticidas _xpruebas _958878 |
||
| 710 |
_aUACh. Departamento Parasitología Agrícola _9164025 |
||
| 901 | _aPA TESIS 2296 | ||
| 902 | _aM | ||
| 905 | _a500220 8000000000 00 | ||
| 910 | _a | ||
| 942 | _cPARA | ||
| 942 |
_cPARA _d2 |
||
| 999 |
_c208351 _d208351 |
||